|
|
|
|
| LEADER |
02450nam a22005657a 4500 |
| 001 |
45253 |
| 003 |
BD-DhAAL |
| 005 |
20260111123612.0 |
| 008 |
260108t1991 bg a|||| |||| 00| 0 eng d |
| 040 |
|
|
|a BD-DhAAL
|d BD-DhAAL
|
| 082 |
|
|
|a 372.95492
|2 23
|
| 245 |
|
|
|a AMR Chowdhury /
|n Volume IV,
|g 2002-2008 /
|c A. Mushtaque R. Chowdhury... [et.al].
|
| 260 |
|
|
|a Dhaka :
|b AMR Chowdhury publication,
|
| 300 |
|
|
|a 277 pages :
|b illustrations ;
|c 29 cm
|
| 541 |
|
|
|a Complimentary copy from Dr. Ahmed Mushtaque Raza Chowdhury (Former Vice Chairperson of BRAC)
|e 45253
|
| 650 |
|
|
|a Education, Elementary
|z Bangladesh
|x Evaluation.
|9 8838
|
| 650 |
|
|
|a Health education
|z Bangladesh.
|
| 650 |
|
|
|a Social science.
|
| 700 |
|
|
|a Chowdhury, A. M. Raza.
|
| 700 |
|
|
|a Bhuiya, Abbas.
|
| 700 |
|
|
|a Rahman, Md. Jakariya, Mizanur.
|9 60106
|
| 700 |
|
|
|a Rahman, Mahfuzar.
|9 23785
|
| 700 |
|
|
|a Yunus, Md.
|9 60107
|
| 700 |
|
|
|a Bhattacharya, Prosun.
|9 60108
|
| 700 |
|
|
|a Jacks, Gunnar.
|9 60109
|
| 700 |
|
|
|a Vahter, Marie.
|9 60110
|
| 700 |
|
|
|a Persson, Lars-Ake.
|9 60111
|
| 700 |
|
|
|a Sadana, Ritu.
|9 60112
|
| 700 |
|
|
|a Petrakova, Alena.
|9 60113
|
| 700 |
|
|
|a Jakariya, Md.
|9 60114
|
| 700 |
|
|
|a Bromssen, M. von.
|9 60115
|
| 700 |
|
|
|a Ahmed, K.M.
|9 60116
|
| 700 |
|
|
|a Bhattacharya, P.
|
| 700 |
|
|
|a Afsana, Kawsar.
|9 60117
|
| 700 |
|
|
|a Rashid, Sabina Falz.
|9 60118
|
| 700 |
|
|
|a Theobald, Sally.
|9 60119
|
| 700 |
|
|
|a Rana, A.K.M. Masud.
|9 60120
|
| 700 |
|
|
|a Bhuiya, Abbas.
|
| 700 |
|
|
|a Ahmed, Syed Masud.
|
| 700 |
|
|
|a Medlin, Carol Ann.
|9 60121
|
| 700 |
|
|
|a Jamison, Dean T.
|9 60122
|
| 700 |
|
|
|a Measham, Anthony R.
|9 60123
|
| 700 |
|
|
|a D'Souza, Carol.
|9 60124
|
| 700 |
|
|
|a Hyder, Adnan A.
|9 60125
|
| 700 |
|
|
|a Karim, Fazlul
|9 16128
|
| 700 |
|
|
|a Mahmud, Simeen.
|9 25276
|
| 856 |
|
|
|u https://dspace.bracu.ac.bd/xmlui/handle/10361/13278
|z Full text available on BRAC University Institutional Repository
|
| 942 |
|
|
|2 ddc
|c BK
|
| 999 |
|
|
|c 47702
|d 47702
|
| 952 |
|
|
|0 0
|1 0
|2 ddc
|4 0
|6 372_954920000000000_AMR
|7 1
|9 78664
|a BRACUL
|b BRACUL
|c AMRC
|d 2026-01-11
|e Complimentary copy from Dr. Ahmed Mushtaque Raza Chowdhury (Former Vice Chairperson of BRAC)
|l 0
|o 372.95492 AMR
|p 3010045253
|r 2026-01-11
|t 1
|w 2026-01-11
|y BK
|x Complimentary copy received from Dr. Ahmed Mushtaque Raza Chowdhury (Former Vice Chairperson of BRAC) on 22/12/ 2025;The University Librarian instructed to process the photocopy of the book because the author is the copyright recipient.
|